Dos hombres y un destino - Bustamante - Estadísticas

Estadísticas generales
  • Esta prueba ha sido intentada 20 veces
  • La puntuación promedio es 175 de 206
Estadísticas de respuestas
Respuesta % Correcto
a
100%
amor,
100%
amor
100%
con
100%
de
100%
destino.
100%
dos
100%
el
100%
es
100%
Es
100%
esa
100%
hombres
100%
la
100%
mi
100%
mismo
100%
mujer
100%
mujer.
100%
Por
100%
que
100%
somos
100%
un
100%
Ella
94%
ella
94%
lucharé.
94%
lucharé,
94%
Lucharé.
94%
me
94%
se
94%
se,
94%
y
94%
Y
94%
chica
88%
lo
88%
Pero
88%
pero
88%
primer
88%
primera
88%
siempre
88%
ti
88%
vez.
88%
vez,
88%
aunque
81%
en
81%
quiere
81%
soñé,
81%
tiene
81%
todo
81%
yo
81%
busqué,
75%
Sol
75%
juega
69%
no
69%
piel,
69%
amigo,
63%
como
63%
contigo.
63%
cuando
63%
Cuando
63%
enamorar.
63%
para
63%
volverme
63%
ya,
63%
amanecer.
56%
chispa
56%
está
56%
los
56%
pensaba
56%
seas
56%
conmigo
50%
esperé
50%
otro
50%
regalo
50%
tanto
50%
digas
44%
hago
44%
otra
44%
comprender.
38%
despertar,
38%
doy
38%
jugamos
38%
Le
38%
niña
38%
tres.
38%
amiga
31%
ayer,
31%
beso
31%
cada
31%
futuro
31%
miel.
31%
sabe
31%
No se encontraron pruebas coincidentes
Distribución de puntuación
Porcentaje de gente con cada puntuación
Porcentaje por número respondido
Historial de tus puntuaciones
No has intentado esta prueba.